Les 15 plus grandes villes d'Afghanistan sur une carte - Statistiques

Statistiques générales
  • Ce quiz a été pris 104 fois
  • Le résultat moyen est 5 sur 15
Réponses sur la Carte
Les réponses sont colorées sur une échelle allant du rouge au vert en fonction du pourcentage des utilisateurs qui les ont devinées à leur premier essai. Vous pouvez retrouver ces pourcentages ci-dessous.
 
Statistiques - réponses
Population Ville % Correct
4,273,156 Kaboul
98%
556,205 Kandahar
70%
614,254 Hérat
59%
263,312 Jalalabad
55%
469,247 Mazâr-e Charîf
53%
183,051 Ghazni
28%
356,536 Kondoz
22%
180,214 Khost
17%
237,888 Pol-e Khomri
14%
253,735 Tâloqân
14%
190,555 Lashkargâh
13%
188,808 Chéberghân
9%
173,719 Sar-é Pol
9%
150,892 Chaghcharan
3%
198,306 Tcharikar
3%
Aucun quiz correspondant
Distribution des résultats
% des personnes avec chaque résultat
Percentile par nombre de réponses
Votre historique - résultats
Vous n’avez pas pris ce quiz